000
00304nam a22001337a 4500
008
171208b xxu||||| |||| 00| 0 eng d
020
_a
9780674741133
041
_a
eng
080
_a
621
100
_a
27
101
_a
INXH
245
_a
QUANTUM MECHANICS AND EXPERIENCE
_c
ALBERT, D.Z
942
_2
udc
_c
BK
999
_c
38838
_d
38838